| 000 | 01052nam a22002897a 4500 | ||
|---|---|---|---|
| 001 | 6467 | ||
| 003 | FISKH | ||
| 005 | 20250506095259.0 | ||
| 008 | 250506b cb ||||| |||| 00| 0 eng d | ||
| 040 |
_aDLC _cDLC _dDLC _eeng |
||
| 050 | _aPZ7.W7547 F | ||
| 082 | _a813 | ||
| 100 | _aWinter, Jeanette | ||
| 245 | 0 | 0 |
_aFollow the drinking gourd / _cStory and pictures by Jeanette Winter |
| 260 |
_cNew York : _aScholastic, _b1988. |
||
| 300 |
_a48 unnumbered pages : _bcolor illustrations ; _c26 x 28 cm |
||
| 490 | 1 | _aAmerican heroes and legends | |
| 505 | _aP | ||
| 520 | _aBy following the directions in a song, "The Drinking Gourd," taught them by an old sailor named Peg Leg Joe, runaway slaves journey north along the Underground Railroad to freedom in Canada. | ||
| 521 | 8 |
_a630
_bLexile AD |
|
| 521 | 8 |
_aP
_bRaz-Plus |
|
| 650 |
_aAmerican history _vUnderground Railroad _xSlavery |
||
| 700 |
_aWinter, Jeanette _eillustrator |
||
| 906 |
_a7 _bcbc _corignew _du _encip _f19 _gy-movingim |
||
| 942 |
_2ddc _cBK _n0 |
||
| 999 |
_c6467 _d6467 |
||